000 04108nam a22006255i 4500
001 978-3-319-44275-4
003 DE-He213
005 20210118141907.0
007 cr nn 008mamaa
008 161021s2017 gw | s |||| 0|eng d
020 _a9783319442754
_9978-3-319-44275-4
024 7 _a10.1007/978-3-319-44275-4
_2doi
050 4 _aQC610.9-611.8
072 7 _aTJFD5
_2bicssc
072 7 _aTEC008090
_2bisacsh
072 7 _aTJFD
_2thema
082 0 4 _a537.622
_223
100 1 _aSchmeckebier, Holger.
_eauthor.
_4aut
_4http://id.loc.gov/vocabulary/relators/aut
245 1 0 _aQuantum-Dot-Based Semiconductor Optical Amplifiers for O-Band Optical Communication
_h[electronic resource] /
_cby Holger Schmeckebier.
250 _a1st ed. 2017.
264 1 _aCham :
_bSpringer International Publishing :
_bImprint: Springer,
_c2017.
300 _aXXIII, 190 p. 109 illus., 59 illus. in color.
_bonline resource.
336 _atext
_btxt
_2rdacontent
337 _acomputer
_bc
_2rdamedia
338 _aonline resource
_bcr
_2rdacarrier
347 _atext file
_bPDF
_2rda
490 1 _aSpringer Theses, Recognizing Outstanding Ph.D. Research,
_x2190-5053
505 0 _aIntroduction -- Semiconductor Optical Amplifiers (SOAs) -- Samples and Characterization -- Introduction to System Experiments -- Concept of Direct Phase Modulation -- Signal Amplification -- Concept of Dual-Band Amplifiers -- Signal Processing - Wavelength Conversion -- Summary and Outlook.
520 _aThis thesis examines the unique properties of gallium arsenide (GaAs)-based quantum-dot semiconductor optical amplifiers for optical communication networks, introducing readers to their fundamentals, basic parameters and manifold applications. The static and dynamic properties of these amplifiers are discussed extensively in comparison to conventional, non quantum-dot based amplifiers, and their unique advantages are elaborated on, such as the fast carrier dynamics and the decoupling of gain and phase dynamics. In addition to diverse amplification scenarios involving single and multiple high symbol rate amplitude and phase-coded data signals, wide-range wavelength conversion as a key functionality for optical signal processing is investigated and discussed in detail. Furthermore, two novel device concepts are developed and demonstrated that have the potential to significantly simplify network architectures, reducing the investment and maintenance costs as well as the energy consumption of future networks. .
650 0 _aSemiconductors.
650 0 _aLasers.
650 0 _aPhotonics.
650 0 _aSignal processing.
650 0 _aImage processing.
650 0 _aSpeech processing systems.
650 1 4 _aSemiconductors.
_0http://scigraph.springernature.com/things/product-market-codes/P25150
650 2 4 _aOptics, Lasers, Photonics, Optical Devices.
_0http://scigraph.springernature.com/things/product-market-codes/P31030
650 2 4 _aSignal, Image and Speech Processing.
_0http://scigraph.springernature.com/things/product-market-codes/T24051
710 2 _aSpringerLink (Online service)
773 0 _tSpringer eBooks
776 0 8 _iPrinted edition:
_z9783319442747
776 0 8 _iPrinted edition:
_z9783319442761
776 0 8 _iPrinted edition:
_z9783319830278
830 0 _aSpringer Theses, Recognizing Outstanding Ph.D. Research,
_x2190-5053
856 4 0 _uhttps://doi.org/10.1007/978-3-319-44275-4
912 _aZDB-2-PHA
999 _c450444
_d450444
942 _cEB
506 _aAvailable to subscribing member institutions only. Доступно лише організаціям членам підписки.
506 _fOnline access from local network of NaUOA.
506 _fOnline access with authorization at https://link.springer.com/
506 _fОнлайн-доступ з локальної мережі НаУОА.
506 _fОнлайн доступ з авторизацією на https://link.springer.com/